000 00545nam a2200193Ia 4500
003 GCL
008 140319s9999 xx 000 0 ara d
040 _aGCL /
_cGCL
082 0 4 _a811.9
_bط د
100 1 _aطه وادى
245 1 0 _aديوان رفاعة الطهطاوى : جمع ودراسة /
_cطه وادى
260 _a[S.N] :
_bدار المعارف ،
_c1984
300 _a222 ص
490 _a
650 0 4 _aالشعر العربى
650 0 4 _aدواوين وقصائد
650 0 4 _aالمجموعات
942 _2ddc
_cBK
999 _c59062
_d59062